[Event "West Wales Congress Major"]
[Site "Swansea"]
[Date "2019.10.13"]
[Round "4.4"]
[White "Pinch, David"]
[Black "Williams, Duncan"]
[Result "1-0"]
[WhiteElo "1842"]
[BlackElo "1793"]
[Annotator "kemen"]
[PlyCount "47"]
[EventDate "2019.10.11"]
[EventType "swiss"]
[EventRounds "5"]
[EventCountry "WLS"]

{[%evp 0,47,40,40,21,0,-14,3,-10,-21,2,12,22,0,44,17,17,52,27,-79,-38,-13,4,
-37,0,0,0,0,206,202,223,238,231,164,185,160,190,254,251,310,310,328,325,314,
409,437,413,434,427,468]} 1. d4 d5 2. c4 e6 3. Nf3 Nf6 4. g3 c6 (4... dxc4 {
Open Catalan _R (other comments by David)}) 5. Bg2 dxc4 {[Houdini W0.44 best
b5 W0.07] Nc3 scores 71% wins for white.[ trying to hold on to the pawn,;
usually in the Open Catalan, Bl aims for a rapid c5, here a tempo down _R]} 6.
Qc2 (6. O-O) (6. Ne5 {recommended by Avrukh 2015:35 _R}) (6. a4) (6. Nc3 {
all more frequent than the text _R}) 6... Bb4+ (6... b5 7. O-O Bb7 {37% for Wh
_R}) 7. Bd2 Bxd2+ {It is normal to withdraw the bishop back to e7, the purpose
of the check being to misplace white's bishop. [ though not here, where Bl is
playing to keep hold of the c4 pawn_R]} 8. Nbxd2 {[Houdini W0.53]. [4 Wh wins,
1 Bl win _R]} b5 9. Ne5 {[Houdini level best b3 W0.65] This is the move to
refute black's play, but not now! White has left the d-pawn hanging.} (9. a4 {
3 Wh wins,2 draws _R}) (9. b3 $16 {Cloud Engines}) 9... Bb7 (9... Qxd4 {
a little risky} 10. Nxc6 Qb6 11. Ne7 Bb7 12. Nc8 Bxc8 13. Bxa8 Nc6 14. Ne4 Nd4
15. Nxf6+ gxf6 16. Qe4 e5 17. O-O Bh3 18. Rfd1 O-O 19. g4 Kh8 20. Kh1 Qe6 21.
Rg1 f5 $11 {Stockfish10 _R}) 10. e3 {White decides to consolidate before
trying to get the pawn back.} Nd5 {Developing would have been a better idea.} (
10... Nbd7 $11 {Stockfish10}) 11. O-O f6 12. Nef3 Nb4 $6 {Getting the knight
to d3, but this is over-ambitious. [Stockfish10- but with the aim of getting a
repetition next move _R]} 13. Qc3 Nd3 (13... Nd5 $11) 14. b3 {Now the knight
is in danger of being caught with no escape. [Stockfish10 considers that Wh is
now winning _R]} a5 15. bxc4 (15. a3 b4 16. Qxc4 Ba6 17. Qxe6+ Qe7 18. Qxe7+
Kxe7 19. axb4 Nxb4 (19... axb4 20. Nh4 $18) 20. Rxa5 $18 {Stockfish10 _R})
15... Nb4 {And the knight escapes.} 16. a3 {But not to a very good square.}
N4a6 17. Qb3 $18 {[Houdini W2.01 best Nb3 W2.37] White needs to find a move to
take the initiative. This eyes e6, threatens b5 and pins it. White also has a
planned follow-up to the obvious response. Why doesn't Houdini rate it?.} (17.
Nb3 {this and 3 other moves ( Bh3;Rfb1 & Ne1)are what Stockfish10 considers
even stronger than the text _R}) 17... b4 18. c5 {[Houdini W3.46] Creates a
perch for the knight on d6 and provides the means for getting there. Black has
made 8 pawn moves, 6 moves of the same knight, and 3 bishop moves, 2 for the
one no longer on the board. And his pieces are located passively in the corner.
} (18. axb4 Nxb4 19. c5 $18 {also possible-Stockfish10 , avoids the pawn
advance in the game _R}) 18... Qd5 {Houdini gives...Bc8 to protect the e-pawn
and then castle.} 19. Nc4 {Threatening Nd6+ picking up the bishop after the
queen swap.} a4 20. Qc2 b3 21. Qc3 Qd7 {[Houdini W5.50 best O-O W4.63] Black
is in a bad way now, punishment for his lack of development in favour of
over-ambition.} 22. Nb6 {Cashing in.} Qc7 23. Nxa8 Bxa8 24. Qc4 {[Houdini W5.
89] Black has had enough.} 1-0

[Event "West Wales Congress Major"]
[Site "Swansea"]
[Date "2019.10.13"]
[Round "4.6"]
[White "Vesz, Marcell"]
[Black "Horrell, Stephen"]
[Result "0-1"]
[WhiteElo "1561"]
[BlackElo "1696"]
[Annotator "kemen"]
[PlyCount "108"]
[EventDate "2019.10.11"]
[EventType "swiss"]
[EventRounds "5"]
[EventCountry "WLS"]

{[%evp 0,108,19,29,41,43,49,15,25,-3,-4,14,-16,3,10,7,1,-17,-12,-4,-4,-5,-2,-9,
-19,-15,-17,-36,2,1,7,-21,-25,-76,-69,-98,-97,-77,-67,-155,-51,-82,-42,-36,-36,
-86,-10,-4,3,-3,12,-89,-94,-137,-90,-73,-79,-120,-124,-141,-142,-129,-152,-167,
-203,-208,-202,-200,-200,-200,-200,-200,-95,-90,-54,-54,-40,-101,-67,-77,-74,
-73,-79,-55,-79,-122,-116,-122,-116,-122,-141,-324,-311,-383,-392,-414,-450,
-450,-445,-476,-531,-536,-541,-538,-547,-551,-573,-573,-894,-972,-1043]} 1. e4
e6 2. d4 d5 3. e5 c5 4. c3 Nc6 5. Nf3 Bd7 6. Be2 cxd4 (6... Nge7) 7. cxd4 Nge7
8. Na3 Nf5 9. Nc2 Qb6 10. O-O Rc8 11. Rb1 (11. g4 {main}) (11. Kh1) (11. b3)
11... Nb4 12. Nxb4 Bxb4 13. Bg5 (13. Be3 O-O 14. Kh1 Rc7 15. Bd3 Bb5 16. g4
Nxe3 17. fxe3 Qa6 18. Bxb5 Qxb5 19. g5 Be7 20. h4 Rfc8 21. Rf2 Rc4 22. Nh2 Qc6
23. Qf3 Qe8 24. Ng4 {Vilar Lopez-Markowska, Wld ch women , Antwerpen 1992,1-0})
(13. g4 $11 {Cloud Engines}) 13... Be7 (13... h6 14. Bc1 Bc3 15. Bf4 Bxd4 16.
g4 Be3 17. Bxe3 Nxe3 18. fxe3 Qxe3+ 19. Kh1 Qe4 20. Rg1 Bc6 {Aparicio
Garcia-Garcia Alvarez, Asturias Primera op1998,1/2-1/2}) 14. Bxe7 Nxe7 15. Nh4
O-O $11 16. f4 (16. Qd3) 16... Rc7 $17 {Bl has enough Q side play to stop the
K side attack from becoming dangerous} 17. Kh1 Rfc8 18. Bd3 Bb5 19. f5 Bxd3 (
19... Qxd4 $19) 20. Qxd3 exf5 21. Nxf5 Nxf5 22. Qxf5 Qe6 (22... Qxd4 $17) 23.
Qf4 $11 Rc2 24. h3 (24. Rf2) 24... h6 25. Rfc1 (25. Rf2 $11 {Komodo13}) 25...
Qg6 $17 26. Rg1 Re2 (26... Rxg2 27. Rxg2 Qxb1+ 28. Rg1 Qe4+ 29. Qxe4 dxe4 $17 {
Komodo13}) 27. Qf3 Qe4 28. Rgf1 Qxf3 29. Rxf3 Rcc2 $19 30. Rg3 Red2 31. Rg4
Rxb2 32. Rc1 Rdc2 33. Re1 Re2 (33... Rxa2) 34. Rc1 Rbc2 35. Rb1 Rc7 36. Rb5 a6
37. Rxd5 Rxa2 38. Rd6 (38. Rd8+ Kh7 39. d5 Rd2 40. d6 Rc1+ 41. Kh2 h5 42. Rb4
b5 43. Ra8 Rc5 44. Rxa6 Rxe5 $17 {Komodo13}) 38... Re2 39. Rxh6 a5 40. Rd6 a4
41. Rd8+ Kh7 42. Rh4+ Kg6 43. Rd6+ Kf5 $17 {Offered draw.} 44. Rh5+ Ke4 (44...
Kf4 45. Rh4+ Kg3 46. Rg4+ Kf2 $19 {Komodo13}) 45. Rh4+ Kd3 $19 46. Rb6 a3 47.
Rb3+ Rc3 48. Rb1 a2 49. Ra1 Rb3 50. Kh2 Rb1 51. Rxa2 Rxa2 52. Rf4 Rbb2 53. Rg4
Rxg2+ 54. Rxg2 Rxg2+ 0-1

[Event "West Wales Congress Major"]
[Site "Swansea"]
[Date "2019.10.13"]
[Round "4.7"]
[White "Penny, Liam"]
[Black "Jones, Huw"]
[Result "1-0"]
[WhiteElo "1674"]
[BlackElo "1642"]
[Annotator "kemen"]
[PlyCount "51"]
[EventDate "2019.10.11"]
[EventType "swiss"]
[EventRounds "5"]
[EventCountry "WLS"]

{[%evp 0,51,26,26,33,23,51,37,29,8,15,-1,3,11,11,11,17,-4,2,8,10,9,39,31,10,12,
39,-18,-2,-2,41,37,37,35,108,96,86,103,128,123,118,117,147,145,168,105,100,96,
108,115,161,137,252,246]} 1. d4 Nf6 2. Nf3 c5 3. e3 e6 4. Bd3 d5 5. b3 Be7 6.
O-O O-O 7. Bb2 Nc6 8. Nbd2 (8. a3 Nd7 9. Ne5 cxd4 10. exd4 Ncxe5 11. dxe5 Nc5
12. Nc3 {Parsons-Penny, rd3, West Wales Major 2019,1-0}) 8... cxd4 9. exd4 Nb4
10. Be2 Ne4 (10... b6) (10... Qc7) 11. Nxe4 (11. a3 {1 game each,3 draws})
11... dxe4 12. Ne5 (12. Nd2 f5 13. Nc4 $11 {Cloud Engines}) 12... Nc6 13. f4 (
13. Nxc6 bxc6 14. f3 exf3 15. Bxf3 $14 {Stockfish10}) 13... Nxe5 (13... Qc7 $11
) 14. fxe5 f5 15. exf6 Bxf6 (15... gxf6 $16) 16. Bc4 $16 b5 $5 17. Bxb5 Bb7 18.
c3 Qb6 19. Bc4 Kh8 (19... Bd5 20. Ba3 $18 {Stockfish10}) 20. Ba3 Rfe8 21. Bc5
Qc6 22. Qg4 (22. Qe2) 22... e5 23. Rad1 (23. b4 $18) 23... exd4 (23... e3 24.
Rde1 $18) 24. Bxd4 Bxd4+ 25. Rxd4 Bc8 26. Qxe4 $18 1-0

[Event "West Wales Congress Major"]
[Site "Swansea"]
[Date "2019.10.13"]
[Round "4.8"]
[White "Probert, Malcolm"]
[Black "Chung, Daniel"]
[Result "1-0"]
[WhiteElo "1541"]
[BlackElo "1434"]
[Annotator "kemen"]
[PlyCount "121"]
[EventDate "2019.10.11"]
[EventType "swiss"]
[EventRounds "5"]
[EventCountry "WLS"]

{[%evp 67,67,61]} 1. Nf3 d5 2. g3 c5 3. Bg2 Nc6 4. d4 {a reverse Gruenfeld}
cxd4 5. Nxd4 e5 6. Nxc6 bxc6 {this sharp line is dangerous, when a move behind;
though it has been seen in elite GM practice- 69 % for Wh} 7. O-O (7. c4) 7...
Nf6 8. c4 Be6 9. Nc3 Bb4 $2 {unusual here, though it does feature in mainline
Gruenfeld, when Bl plays c5 before 0-0. The problem is that the B is loose
with the Bl K still in the middle.} (9... Qd7) (9... Rc8) 10. cxd5 $18 (10.
Nxd5 {even stronger-Cloud Engines} Nxd5 11. Qa4) 10... cxd5 $2 {this just
drops a piece} (10... Nxd5 11. Qa4 ({Fritz13 misses the winning line here with
} 11. Nxd5) 11... Bxc3 (11... Qa5 12. Qxc6+ Ke7 13. Nxd5+ Bxd5 14. Qxd5 {
Vrchotka-Weyand,Wld Seniors, Marianske Lazne 2016,1-0}) 12. Qxc6+ Ke7 13. bxc3
{2-0}) (10... Bxd5 11. Nxd5 Nxd5 12. Qa4 O-O 13. Bxd5 cxd5 14. Qxb4 $18 {
but somehow Bl escaped in Maslennikov-Pavlov,Astrakhan op 2012,1/2-1/2}) 11.
Qa4+ {it has been played before, as Engines have previously examined this
position} Nd7 12. Qxb4 $18 a5 13. Qa4 (13. Qa3 {holds up 0-0}) 13... O-O 14.
Nxd5 {handing the piece back, though Wh retains a winning position} (14. f4)
14... Bxd5 15. Bxd5 Nb6 16. Bxf7+ Rxf7 17. Qe4 $18 Qd5 18. Qxd5 Nxd5 19. e4 (
19. Rd1) 19... Nb4 20. Bd2 Nc2 21. Rac1 Nd4 22. Kg2 Rb7 23. Bc3 (23. b3 a4 24.
b4 $18 {Stockfish10}) 23... a4 24. Bxd4 exd4 25. Rc2 Rab8 26. Rb1 Rb4 27. f3 h6
28. Kf2 {once the K comes across, Bl's initiative is at an end} Kh7 29. Ke2 g5
30. Kd3 Rf8 31. Rf2 (31. Rf1) 31... Kg6 32. b3 Rc8 33. Rc2 Rcb8 34. Rcb2 (34.
f4 axb3 35. Rxb3 (35. f5+ {keeps an extra pair of pawns on}) 35... Rxb3+ 36.
axb3 Rxb3+ 37. Kxd4 gxf4 38. gxf4 $18 {Stockfish10}) 34... Rf8 35. Ke2 Ra8 36.
a3 Rxb3 37. Rxb3 axb3 38. Rxb3 h5 39. Kd3 Ra4 40. h4 gxh4 41. gxh4 Kf6 42. f4
Kg6 43. Rb6+ Kg7 44. Rb4 (44. f5) 44... Rxa3+ 45. Kxd4 Rh3 46. e5 Rxh4 {
and the connected pawns win against the single one} 47. Ke4 (47. Kd5) 47... Rg4
48. Kf5 Kf8 49. e6 (49. Kf6 Kg8 50. Rb8+ Kh7 51. f5) 49... Ke7 50. Rb7+ (50.
Ke5) 50... Ke8 51. Rh7 (51. Ke5) 51... Rh4 52. Kg6 $2 {this should throw away
the win} (52. Ke5 {systematically forces the pawns forward} Rh2 53. Kf6 Kd8 54.
Kf7 Re2 55. f5 h4 56. f6 h3 57. e7+ Kd7 58. Rxh3 (58. Kf8)) 52... Rg4+ $2 (
52... Rxf4 53. Kxh5 (53. Rxh5 Ke7 54. Re5 Rf6+ $11) 53... Re4 {a draw with the
K in front of the pawn & here the e pawn immeditely gets swapped off}) 53. Kf5
Rh4 54. Ke5 {back on track} Kf8 55. f5 (55. e7+ Kg8 (55... Ke8 56. Ke6 Rxf4 57.
Rh8+ Rf8 58. Rxf8#) 56. e8=Q+ Kxh7 57. Qe7+ Kh6 58. Qxh4 $18) 55... Rh1 56. Kf6
Kg8 57. Rh6 (57. Rg7+ Kf8 58. Ra7 Kg8 59. Ra8+ (59. Kg6 Rg1+ 60. Kh6 Kh8 61. f6
{mating soon}) 59... Kh7 60. e7) 57... h4 58. e7 Re1 59. Rxh4 Re6+ 60. Kxe6 (
60. fxe6 {stalemate}) 60... Kg7 61. Rg4+ 1-0

[Event "West Wales Congress Major"]
[Site "Swansea"]
[Date "2019.10.13"]
[Round "4.9"]
[White "James, Lucas"]
[Black "Stuart, Neil"]
[Result "1-0"]
[WhiteElo "1515"]
[BlackElo "1660"]
[Annotator "kemen"]
[PlyCount "55"]
[EventDate "2019.10.11"]
[EventType "swiss"]
[EventRounds "5"]
[EventCountry "WLS"]

{[%evp 0,55,25,25,51,26,37,14,14,-5,-5,-51,-24,-66,-44,-51,-51,-45,6,13,-30,5,
-1,-32,-29,-159,-42,-54,30,30,37,-73,-73,-60,-38,-47,25,20,20,12,18,-391,0,
-268,-346,-348,-348,-350,-348,-348,-350,-350,-331,-351,285,270,305,302]} 1. e4
c5 2. d4 cxd4 3. c3 e5 4. Bc4 (4. cxd4 {main}) 4... Nf6 5. Bg5 $146 (5. Nf3) (
5. Qe2) 5... Be7 $17 {Cloud Engines} (5... h6 6. Bxf6 Qxf6 $15) 6. Nf3 Nc6 (
6... Nxe4 7. Bxe7 Qxe7 8. cxd4 Nd6 9. Bd5 exd4+ 10. Qe2 Qxe2+ 11. Kxe2 Nc6 $17)
7. O-O O-O 8. cxd4 $11 (8. Bxf6 Bxf6 9. Bd5 Ne7 (9... h6 $17) 10. cxd4 d6 (
10... exd4 11. e5 Nxd5 12. Qxd4 Bxe5 13. Qxe5 Nf6 $15) 11. h3 Ng6 (11... Nxd5
12. exd5 Re8 $17 {Stockfish10} (12... e4 13. Nfd2 Bxd4 14. Nc3 Bxc3 15. bxc3 f5
$17)) 12. Nbd2 exd4 13. Nc4 Be6 (13... Nf4 $17) 14. Nxd4 Bxd5 15. exd5 Rc8 16.
Ne3 Re8 $15 {Fakhiridou-Voulgarati, GRE ch girls U10, Kallithea 2008,1-0}) 8...
d6 (8... exd4 9. Nbd2 (9. Nxd4 Nxe4 $15) 9... d6 10. h3 Ne5 (10... Be6 $15) 11.
Bb3 d3 12. Re1 h6 13. Bf4 Ng6 14. Bh2 d5 (14... Nh5) 15. e5 (15. exd5) 15...
Nh5 16. g3 Bc5 $19 {[%eval -32767,0] Turner-Gunnarsson, Hafnarfjordur op, 1996,
1-0}) 9. Nc3 (9. dxe5 dxe5 10. Nc3 $11) 9... Bg4 10. dxe5 dxe5 11. Rc1 (11. h3
Qxd1 12. Raxd1 Bxf3 13. gxf3 $11 {Stockfish10}) 11... Nd4 12. Kh1 (12. Bxf6
Bxf6 13. Be2 Be6 $11 {Stockfish10}) 12... Bxf3 (12... Nxf3 13. Qxd8 Rfxd8 14.
gxf3 Bxf3+ 15. Kg1 h6 $19 {Stockfish10}) 13. gxf3 Nh5 14. Be3 Bg5 15. Bxg5 (15.
Rg1 $11) (15. Nd5 $11) 15... Qxg5 $17 16. Rg1 Qd8 (16... Qh4 $17) (16... Qh6
$17 {both look at the Wh K}) 17. Nd5 Nf6 (17... g6 $15) (17... Qh4 $15) 18. f4
Nxe4 19. Rg2 Rc8 20. b3 {There was a move missing from the the only scoresheet
submitted, so various moves were tried that did not interfere with the moves
recorded subsequently. This one protects the B & thus the N on d5.} (20. a3 {
a candidate, though would lose instantly to} Rxc4 $19 {removing the protection
of the N on d5.}) (20. fxe5 {would however be best according to Stockfish10,
though various pieces are hanging.} Qh4 $1 (20... Rxc4 21. Nf6+ $1 Nxf6 22.
Rxc4 Ne6 23. Qxd8 Rxd8 24. exf6 $18 {Stockfish10}) 21. Ne7+ Qxe7 22. Qxd4 b5 (
22... Qh4 23. Bxf7+ Kh8 24. Rxc8 Rxc8 25. Qe3 Rc2 $11) 23. Bxf7+ Qxf7 24. Rxc8
Rxc8 25. Qxe4 Qxa2 26. Rxg7+ Kxg7 27. Qg4+ Kh6 28. Qh3+ {Wh has a perpetual =()
tockfish10} (28. Qxc8 Qb1+ {Bl has a perpetual})) 20... Re8 (20... Kh8 $1 {
Stockfish10, removes all the tactics involving a check} 21. fxe5 (21. Qg4 g6
22. Rf1 f5 23. Qd1 Rc5 24. f3 Nxf3 25. Qxf3 b5 26. fxe5 bxc4 27. bxc4 Rxc4 $19
{Stockfish10}) 21... Qh4 22. Qe1 Nf3 23. Qe3 Ned2 (23... Nxe5 $17 {looks
simpler}) 24. Rd1 Qe4 $17 {Stockfish10}) 21. Qg4 (21. f3 Nf6 22. fxe5 Nxd5 23.
Qxd4 Nb6 24. Qg1 Nxc4 25. Rxg7+ Kh8 26. bxc4 Qe7 27. f4 Rc6 28. Rg3 Qd7 $14 {
Stockfish10}) 21... g6 22. Ne7+ {an interesting idea, though the Engine says
it shouldn.t work} (22. Rd1 Rc5 23. f5 (23. f3 Rxd5 24. fxe4 Rd6 25. fxe5 Rxe5
$11) 23... Nf6 24. Nxf6+ Qxf6 25. fxg6 hxg6 26. Qxg6+ Qxg6 27. Rxg6+ Kf8 28.
Rh6 b5 29. Bd3 Ke7 $11 {Stockfish10}) 22... Qxe7 (22... Rxe7 23. fxe5 (23.
Bxf7+ Kxf7 24. Qxc8 (24. Rxc8 Qd5 $19) 24... Qxc8 25. Rxc8 exf4 $19) 23... Nc5
$19 {Stockfish10}) 23. Bxf7+ Qxf7 24. Rxc8 Rxc8 25. Qxc8+ Kg7 $19 26. fxe5 Qf3
$2 {almost anything else wins for Bl!} (26... Ne2 $1 27. Qg4 Nxf2+ 28. Rxf2
Qxf2 $19) (26... Nxf2+ 27. Rxf2 (27. Kg1 Nd3 28. Rd2 Nf3+ $19) 27... Qxf2 28.
Qxb7+ Kh6 $19) (26... Qd5 27. Qc7+ Kh6 28. Qc1+ g5 29. Qe3 Nf5 30. Qf3 Nh4 31.
Qf8+ Kg6 32. Qe8+ Kf5 33. Qf8+ Kxe5 34. Qe8+ Kd4 $19) (26... Nf3 27. Qg4 Ned2
28. e6 Qc7 29. e7 Qxe7 $19 {All variations provided by Stockfish10}) 27. Qd7+
Kh6 28. Qxd4 $18 {the Q protects f2- as otherwise Bl would have a forced mate
with Nxf2} 1-0

[Event "West Wales Congress Major"]
[Site "Swansea"]
[Date "2019.10.13"]
[Round "4.10"]
[White "Parri, Deio"]
[Black "Szakmany, Bence"]
[Result "1/2-1/2"]
[WhiteElo "1659"]
[BlackElo "1515"]
[Annotator "kemen"]
[PlyCount "52"]
[EventDate "2019.10.11"]
[EventType "swiss"]
[EventRounds "5"]
[EventCountry "WLS"]

{[%evp 0,52,19,25,19,-16,-23,-7,0,-4,-4,-16,21,36,38,21,22,17,20,13,13,-4,18,
16,32,9,32,23,62,50,73,55,60,69,90,87,107,61,67,56,56,62,53,19,158,160,173,170,
324,52,61,10,51,0,61]} 1. d4 Nf6 2. c4 e6 3. Nc3 Bb4 4. Qc2 d5 5. Nf3 h6 (5...
Ne4 6. e3 h6 7. Bd3 Nxc3 8. bxc3 Be7 9. O-O O-O 10. cxd5 exd5 11. e4 $16 {
Parri-Horrell, rd2 West Wales Major 2019,0-1}) 6. e3 O-O 7. Bd3 dxc4 (7... c5)
(7... Nbd7) 8. Bxc4 b6 $11 (8... c5 9. a3 Bxc3+ 10. bxc3 cxd4 11. cxd4 b6 12.
O-O Bb7 13. a4 Nbd7 14. Qe2 Ne4 15. Bb2 Ng5 16. Ne5 Nxe5 17. dxe5 Ne4 18. Rfd1
Qg5 19. f3 Nc5 20. a5 Rad8 $14 {Pavlyutin-Suvorov, Korensky mem, Tambow 2008,
1-0}) 9. O-O Bb7 10. Qe2 {Komodo13} (10. a3 Be7 11. e4 Nh7 12. Be3 Ng5 13. Nxg5
Bxg5 14. f4 Be7 15. Rad1 $18 {Svida-Cvejn, Nachod op 2006,1-0}) (10. Rd1 $11 {
Cloud Engines}) 10... Re8 (10... c5) 11. a3 Bf8 12. b4 Qe7 (12... c5) 13. Bb2
Ne4 14. Rac1 a5 15. b5 $16 Nd6 16. Bd3 Rc8 17. a4 Qd8 18. Ba3 Nd7 19. Rfd1 c6
20. bxc6 Rxc6 21. Ne5 Nxe5 (21... Rcc8) 22. dxe5 $18 Rac8 23. Qb2 (23. Bb2 Ne8
24. Bh7+ Kxh7 25. Rxd8 Rxd8 26. Rd1 $18 {Komodo13}) 23... Qg5 24. f4 (24. exd6
Rxc3 25. Bf1 Rxc1 26. Rxc1 Rxc1 27. Qxc1 Qd8 28. Qd1 $16 {Komodo13}) 24... Qg4
25. Be2 (25. exd6 Rxc3 26. Bf1 $14 Bxd6 27. Bxd6 Bxg2 28. Qxg2 (28. Bxg2 Rc2
$19) 28... Qxg2+ 29. Kxg2 Rxc1 30. Rxc1 Rxc1 31. Be5 $16 {Komodo13}) 25... Qg6
26. Bd3 Qg4 (26... Nf5 27. Bxf8 Rxc3 28. Rxc3 Rxc3 29. Qf2 Kxf8 30. e4 Ne7 31.
Ba6 Bd5 32. exd5 exd5 $17 {Komodo13}) 1/2-1/2

[Event "West Wales Congress Major"]
[Site "Swansea"]
[Date "2019.10.13"]
[Round "5.1"]
[White "Miga, Tomasz"]
[Black "Pinch, David"]
[Result "0-1"]
[WhiteElo "1759"]
[BlackElo "1842"]
[Annotator "kemen"]
[PlyCount "62"]
[EventDate "2019.10.11"]
[EventType "swiss"]
[EventRounds "5"]
[EventCountry "WLS"]

{[%evp 0,62,29,28,28,17,58,32,37,30,93,7,14,14,13,-28,-34,-77,-85,-72,-67,-91,
-119,-107,-105,-136,-81,-79,-79,-106,-112,-98,-43,-71,-39,-42,-42,-46,-29,-41,
-28,-114,-114,-118,-118,-187,-187,-255,-242,-242,-192,-192,-192,-479,-479,-855,
-861,-861,-744,-744,-600,-792,-830,-830,-488]} 1. d4 Nf6 2. Nf3 c5 3. d5 d6 4.
c4 b5 {Its a Benko Gambit by transposition.} 5. b3 {Declined. But not the best
way of declining. 76% win rate for black.} g6 6. Bb2 bxc4 {[Houdini level].
Black decides to withdraw the offer of a Benko since white is well-advanced in
defending a Benko.} 7. bxc4 Bg7 8. Qc2 $2 {[Houdini B0.78 best e4 B0.16]. e4
is possible because the Nf6 is pinned. Qc2 just offers itself as a target.} (8.
e3 $11) (8. Nbd2 $11 {main lines- but Wh is struggling to get results over the
board in this variation _R}) 8... Bf5 {Cloud Engines} (8... O-O {main, 10 %
for Wh}) 9. Qa4+ Qd7 {Black offers the queen swap to be first to the b-file.} (
9... Bd7 10. Qc2 Na6 11. a3 Rb8 12. Nbd2 O-O 13. e4 Rxb2 $19 {Bl gets to the b
file first this way as well: Filip-Kelemen Feher, Miercurea Ciuc Banc Post op
2008,0-1 _R}) 10. Qxd7+ Nbxd7 11. Nbd2 O-O {[Houdini B0.94] Black's
development has been faster than white's.} 12. Nh4 $6 {This seems like a good
idea but it leaves the knight where it doesnt want to be.} Bc2 (12... Rab8 13.
Bc3 e6 $17 {Komodo13 _R}) 13. Rc1 Ba4 14. e4 Rfb8 {[Houdini B0.60 best Rfe8 B1.
29] I guess Houdini preferred the a-rook going here. I figured that there was
little that a rook could do behind the pawns that I do not intend moving.} (
14... Rfe8 15. Bc3 e6 16. dxe6 Nxe4 17. Nxe4 Rxe6 $17 {Komodo13- the Wh K is
still in the middle, hence the R on the e file _R}) 15. Bc3 Nb6 {The start of
a regrouping.} (15... Bh6 16. f3 Be3 $17 {Komodo13 _R}) 16. e5 $6 {[Houdini B1.
06 best Be2 B0.29] Development should be more important. However, this is
still a tricky move to deal with.} Nh5 {[Houdini B0.36 best dxe5 B0.93]. The
knight looks lost over there, but the f4 square is promising, or if white
plays g3 then Bh6, Ng7 and Nf5.} (16... dxe5 17. Bxe5 Re8 18. Be2 e6 19. d6
Nbd7 20. Nhf3 Rab8 $17 {Komodo13 _R}) 17. Nhf3 Bd7 {Houdini still wants to put
the knight back to d7, but it doesn't have a plan! I know exactly where I want
my knight.} 18. h3 Na4 {That's where I want it! On the side of the board to
match the other one!.} 19. Ba1 Rb6 20. g4 {Making a gift of the f4 square. Now
white's bishop cannot emerge without being swapped off at black's whim.} Nf4 {
[Houdini B0.90].} 21. Ne4 Rab8 22. Nfd2 Nb2 $1 {[Houdini B2.57]. This was the
point of regrouping. Black threatens a fork on d3 and has also cut off the a1
bishop from the defence of e5.} 23. Bxb2 Rxb2 24. exd6 exd6 25. Nxd6 Rxa2 {
[Houdini B3.90] The exchange of pawns has led to the opportunity for black to
double rooks on the seventh. And the black bishop has the long diagonal
unopposed.} 26. N6e4 $2 {[Houdini B5.53 best Rh2 B4.89]. A blunder.} Re8 {
Change of plan due to a new opportunity. [ the e file after all (cf move 14
note)-with the Wh K stranded _R]} 27. Kd1 $2 {Another blunder.} (27. Rg1 Bc3
28. Rxc3 Ra1+ 29. Nb1 Rxb1+ 30. Kd2 Rxe4 {is not much of an improvement-
Komodo13; _R}) 27... Ba4+ 28. Ke1 {Houdini has a better way to win, but it
isn't playing with a clock.} f5 (28... Bc3 29. Rxc3 Ra1+ 30. Nb1 Rxb1+ 31. Rc1
Rxc1+ 32. Kd2 Rc2+ $17) 29. gxf5 gxf5 30. f3 fxe4 31. fxe4 Bc2 {[Houdini B6.23
best Bb2 B11.13] Rb2 wins the exchange, but white resigns anyway.} 0-1